Plus Grandes Villes Nouvelle Calédonie - Statistiques

Statistiques générales
  • Ce quiz a été pris 191 fois
  • Le résultat moyen est 7 sur 9
Statistiques - réponses
Ville
Population
(en milliers)
% Correct
Nouméa 94
100%
Dumbéa 35
88%
Païta 24
87%
Koné 8
84%
Le Mont Dore 27
82%
Bourail 5
78%
Lifou 9
68%
Maré 5
65%
Pondimié 5
1%
Aucun quiz correspondant
Distribution des résultats
% des personnes avec chaque résultat
Percentile par nombre de réponses
Votre historique - résultats
Vous n’avez pas pris ce quiz